Представление документа в формате MARC21

Поле Инд. ПП Название Значение
Тип записи a
Библиографический уровень b
001 Контрольный номер RU/IS/BASE/253807199
005 Дата корректировки 20200601191429.0
008 Кодируемые данные 20080116
040 b Код языка каталог. rus
e Правила каталог. PSBO
041 0_ a Код языка текста rus
084 a Индекс другой классификации/Индекс ББК 67.410.101в02
100 1_ a Автор Федулова С. Н.
245 10 a Заглавие Субъекты гражданского процесса: понятие и виды
504 a Библиография Библиогр. ссылки
650 a Основная рубрика гражданское процессуальное право
a Основная рубрика право
a Основная рубрика процессуальное право
653 a Ключевые слова гражданский процесс
a Ключевые слова субъекты гражданских правоотношений
a Ключевые слова субъекты гражданского процесса
a Ключевые слова теория права
773 0_ t Заглавие источника Вестник Московского университета. Серия 11, Право
d Дата издания источника 2007
g Прочая информация № 4. - С. 43 - 56
w Контрольный № источника RU/IS/BASE/246982162
901 t Тип документа b